000 01000nam a22003137a 4500
001 BR0602826
003 BR-BrBNA
005 20230928102206.0
007 ta
008 230509b bl.||||| |||| 00| 0 por d
040 _aBR-BrBNA
_bpor
_cBiblioteca Nacional de Agricultura
041 _a(Por)
072 _aQ04
_b1190
_b2790
090 _ 1190 BR0602826
100 1 _aRocha, D.A.
110 1 _aUniversidade Federal de Lavras, MG (Brasil)
_0Tese (Mestrado)
245 1 _aCaracterização físico-química e química do polvilho da fruta-de-lobo (Solanum lycocarpum St. Hil.)
260 3 _aLavras, MG (Brasil):
_c2006.
300 _a51 p.
500 _aSummaries (Eng, Por); Bibliography p. 41-49; 12 illus.; 6 tables
650 _aFRUTA-DE-LOBO
650 _aPOLVILHO
650 _aCOMPOSIÇÃO QUÍMICA
650 _aPROPRIEDADE FÍSICO-QUÍMICA
650 _aEFICIÊNCIA NUTRICIONAL
650 _aPLANTA PRODUTORA DE DROGA
909 _a202309
_bLucia
_c55
_dLucia Elande
942 _cBK
999 _c69580
_d69580